| 000 | 00785cab a2200229 4500 | ||
|---|---|---|---|
| 001 | ABS55857 | ||
| 008 | 090401t1996 xxu||||| |||| 00| 0 eng d | ||
| 035 | _a(Sirsi) u19187 | ||
| 041 | _aeng | ||
| 100 | _aGraham, T. | ||
| 245 | _aOptions to purchase | ||
| 260 | _c1996 | ||
| 350 | _a0 | ||
| 490 |
_aEstates Gazette _v(9637) 14 September 1996, 132-134(3) |
||
| 520 | _aSuggests some solutions to the problems that planning obligations can pose to developers with options to purchase. Gives examples of clauses that can be inserted to give the developer more protection. | ||
| 650 | _aOPTIONS TO PURCHASE | ||
| 650 | _aPLANNING OBLIGATIONS | ||
| 650 | _aTOWN AND COUNTRY PLANNING ACT 1990 S106 | ||
| 690 | _aPLANNING LAW AND PRACTICE | ||
| 942 | _n0 | ||
| 948 | _c04/03/1997 | ||
| 999 |
_c12781 _d12781 |
||